Wszystkie państwa, które kiedykolwiek graniczyły z Litwą - Statystyki

Ogólne statystyki
  • Ten quiz został rozwiązany 132 razy
  • Średni wynik to 18 z 31
Statystyki odpowiedzi
Odpowiedź % Poprawnych
LT II Rzeczpospolita
99%
WKL Królestwo Polskie
99%
LT Polska
99%
WKL Wielkie Księstwo Moskiewskie
97%
WKL Carstwo Rosyjskie
96%
LT Łotwa
95%
LT Rosja
95%
LT III Rzesza
90%
RON Święte Cesarstwo Rzymskie
90%
LT Białoruś
89%
RON Imperium Szwedzkie
74%
RON Królestwo Prus
68%
LT Związek Radziecki
68%
WKL Prusy
67%
RON Cesarstwo Austrii
64%
WKL Imperium Osmańskie
61%
RON Królestwo Węgier
61%
WKL Hospodarstwo Mołdawskie
55%
WKL Zakon krzyżacki
52%
WKL Złota Orda
46%
WKL Ruś Kijowska
44%
WKL Inflanty
25%
WKL Księstwo Mazowieckie
25%
WKL Republika Nowogrodzka
24%
RON Brandenburgia
21%
WKL Republika Pskowska
18%
RON Księstwo pomorskie
15%
WKL Księstwo Halicko-Wołyńskie
13%
WKL Sicz Zaporoska
7%
WKL Księstwo Połockie
4%
WKL Księstwo Czernihowskie
3%
Nie znaleziono quizów pasujących do podanych kryteriów
Rozkład punktacji
Procent ludzi z każdym wynikiem
Percentyl według liczby udzielonych odpowiedzi
Twoja historia wyników
Nie rozwiązałeś tego quizu